| 000 | 00443nam a22001577a 4500 | ||
|---|---|---|---|
| 005 | 20230118104054.0 | ||
| 008 | 210218b ||||| |||| 00| 0 eng d | ||
| 020 | _a978-93-5142-088-0 | ||
| 041 | _aeng | ||
| 100 |
_aCHATWAL, GURDEEP. R AND ANAND , SHAM K. _96347 |
||
| 245 | _aINSTRUMENTAL METHOD OF CHEMICAL ANALYSIS | ||
| 260 |
_aMUMBAI _bHIMALAYA PUBLISHING HOUSE |
||
| 300 | _a2780,P | ||
| 650 |
_aPHARMACY _xD.PHARMA _97090 |
||
| 942 | _cBK | ||
| 999 |
_c7443 _d7441 |
||